000 00751nam a2200217Ii 4500
003 JO-AjNU
008 230605s9999||||xx |||||||||||||| ||und||
017 _a2002/4/989
040 _aJO-AjNU
_bara
_erda
_cJO-AjNU
041 _aara
050 1 4 _aD117.R5242 2002
100 3 _aالربيعي، اسماعيل نوري,
_eauthor
_960956
245 0 0 _aتاريخ اوروبا السياسي المعاصر
250 _aط1
264 3 1 _aعمان: دار ومكتبة الحامد للنشر والتوزيع، 2002
300 _a149ص
336 _atext
_btxt
_2rdacontent
337 _aunmediated
_bn
_2rdamedia
338 _avolume
_bnc
_2rdacarrier
650 4 _a اوروبا المعاصر- اوروبا السياسي- التاريخ
_960957
999 _aA27524
_c31092
_d31092